00542nam a2200157Ia 450000500170000000800410001708200130005810000130007124500780008426000410016230000210020350000440022494200060026895200950027499900150036920250422024417.0240331s9999 xx 000 0 und d bHARa215 aHarris,M 0aPasukal,panrikal,porkal,suniyakarikal akiya kalasara puthirkal :bPart I aChennaibAnyIndian Pathippagamc2005 a152 p ( P - II) aCollection of Essays on Various topics cL 001040708LaWERCLbWERCLcSSCd2024-03-31l0o 215 HARp5916r2024-03-31w2024-03-31yL c4401d4401